000 00304nam a22001337a 4500
008 231125b |||||||| |||| 00| 0 eng d
040 _a02
082 _a615.41(RAJ)
100 _aRAJE,V.N.
245 _aHOSPITAL AND CLINICAL PHARMACY
260 _aNEW DELHI
_bCBS
_c2022
300 _a210
942 _c01
999 _c57706
_d57706